Energy performance certificates (Record no. 120713)

MARC details
000 -LEADER
fixed length control field 01055cai a22001935a 4500
001 - CONTROL NUMBER
control field E145581
008 - FIXED-LENGTH DATA ELEMENTS--GENERAL INFORMATION
fixed length control field 081023u xxk f 000 0 eng d
035 ## - SYSTEM CONTROL NUMBER
System control number (Sirsi) u145581
041 0# - LANGUAGE CODE
Language code of text/sound track or separate title eng
110 2# - MAIN ENTRY--CORPORATE NAME
Corporate name or jurisdiction name as entry element Scotland
Subordinate unit Scottish Government
9 (RLIN) 5344
245 00 - TITLE STATEMENT
Title Energy performance certificates
Medium [electronic resource]
520 ## - SUMMARY, ETC.
Summary, etc. Part of the Scottish Government's website which deals with Energy Performance Certificates (EPCs). Includes dates of introduction for EPCs on dwellings and non-dwellings for sale, rental property and public buildings in Scotland. Also includes links to guidance leaflets, and detailed information on EPCs contained in the Domestic and Non-Domestic Technical Handbooks S6.9.
590 ## - LOCAL NOTE (RLIN)
Local note KA
650 24 - SUBJECT ADDED ENTRY--TOPICAL TERM
Topical term or geographic name entry element DIRECTIVE 2002/91/EC
651 #4 - SUBJECT ADDED ENTRY--GEOGRAPHIC NAME
Geographic name Scotland
Chronological subdivision 1999-
690 ## - LOCAL SUBJECT ADDED ENTRY--TOPICAL TERM (OCLC, RLIN)
Topical term or geographic name as entry element ENVIRONMENTAL AND LAND CONSULTANCY-ENERGY-ENERGY USE-ENERGY EFFICIENCY
856 40 - ELECTRONIC LOCATION AND ACCESS
Uniform Resource Identifier <a href="https://www.scotland.gov.uk/Topics/Built-Environment/Building/Building-standards/profinfo/epcintro">https://www.scotland.gov.uk/Topics/Built-Environment/Building/Building-standards/profinfo/epcintro</a>
Public note View the website free of charge at www.scotland.gov.uk
942 ## - ADDED ENTRY ELEMENTS (KOHA)
Suppress in OPAC 0
Holdings
Withdrawn status Lost status Source of classification or shelving scheme Damaged status Not for loan Home library Current library Shelving location Date acquired Total Checkouts Full call number Barcode Date last seen Copy number Price effective from Koha item type
    Dewey Decimal Classification     Virtual Virtual Online 23/10/2008   WEBSITE 145581-2001 06/08/2019 1 06/08/2019 Online material